Catálogo - Centro de Recursos para el Aprendizaje y la Investigación

Volver al Sitio - CRAI Biblioteca

El poder judicial en Israel / (Registro nro. 114685)

Detalles MARC
000 -CABECERA
campo de control de longitud fija 01145nam a22002657a 4500
001 - NÚMERO DE CONTROL
campo de control 114685
003 - IDENTIFICADOR DEL NÚMERO DE CONTROL
campo de control DR-UNIBE
005 - FECHA Y HORA DE LA ÚLTIMA TRANSACCIÓN
campo de control 20260525110029.0
008 - DATOS DE LONGITUD FIJA--INFORMACIÓN GENERAL
campo de control de longitud fija 260525b2002 is ||||| |||| 00| 0 spa d
020 ## - NÚMERO INTERNACIONAL ESTÁNDAR DEL LIBRO
Número Internacional Estándar del Libro 9657239028
040 ## - FUENTE DE LA CATALOGACIÓN
Centro catalogador/agencia de origen BIBLIOTECA UNIBE
Centro/agencia transcriptor BIBLIOTECA UNIBE
Normas de descripción rda
041 ## - CÓDIGO DE LENGUA
Código de lengua del texto/banda sonora o título independiente spa
082 ## - NÚMERO DE LA CLASIFICACIÓN DECIMAL DEWEY
Número de clasificación 347.5694 Z53p
100 ## - ENTRADA PRINCIPAL--NOMBRE DE PERSONA
Nombre de persona Zemaj, Yaacov S
9 (RLIN) 205421
Término indicativo de función/relación autor
245 13 - MENCIÓN DE TÍTULO
Título El poder judicial en Israel /
Mención de responsabilidad, etc. Yaacov S. Zemaj
260 ## - PUBLICACIÓN, DISTRIBUCIÓN, ETC.
Lugar de publicación, distribución, etc. Jerusalén :
Nombre del editor, distribuidor, etc. Centro para la Capacitación para Jueces a/n del Juez Zusman,
Fecha de publicación, distribución, etc. 2002
300 ## - DESCRIPCIÓN FÍSICA
Extensión 164 páginas
505 ## - NOTA DE CONTENIDO CON FORMATO
Nota de contenido con formato Capítulo1. La ley | <br/>Capítulo 2. División de poderes en el Estado | <br/>Capítulo 3. El Poder Judicial | <br/>Capítulo 4. El Tribunal Superior de Equidad | <br/>Capítulo 5. Principios constitucionales básicos | <br/>Capítulo 6. El control judicial | <br/>Capítulo 7. Los derechos humanos |<br/>
650 #7 - PUNTO DE ACCESO ADICIONAL DE MATERIA--TÉRMINO DE MATERIA
Fuente del encabezamiento o término lemb
Término de materia o nombre geográfico como elemento de entrada Tribunales
Subdivisión geográfica Israel
9 (RLIN) 205430
650 #7 - PUNTO DE ACCESO ADICIONAL DE MATERIA--TÉRMINO DE MATERIA
Fuente del encabezamiento o término lemb
Término de materia o nombre geográfico como elemento de entrada Administración de justicia
Subdivisión geográfica Israel
9 (RLIN) 205431
650 #7 - PUNTO DE ACCESO ADICIONAL DE MATERIA--TÉRMINO DE MATERIA
Fuente del encabezamiento o término lemb
Término de materia o nombre geográfico como elemento de entrada Derecho
Subdivisión geográfica Israel
9 (RLIN) 205432
650 #7 - PUNTO DE ACCESO ADICIONAL DE MATERIA--TÉRMINO DE MATERIA
Fuente del encabezamiento o término lemb
Término de materia o nombre geográfico como elemento de entrada Poder judicial
Subdivisión geográfica Israel
9 (RLIN) 205433
700 1# - PUNTO DE ACCESO ADICIONAL--NOMBRE DE PERSONA
Nombre de persona Comey, Arié
Término indicativo de función/relación traductor
9 (RLIN) 205434
942 ## - ELEMENTOS DE PUNTO DE ACCESO ADICIONAL (KOHA)
Fuente del sistema de clasificación o colocación Sistema de Clasificación Decimal Dewey
Tipo de ítem Koha Libro (general)
Existencias
Estado de retiro Estado de pérdida Fuente del sistema de clasificación o colocación No para préstamo Código de colección Localización permanente Fecha de adquisición Total de préstamos Signatura topográfica completa Código de barras Fecha visto por última vez Número de copia Precio válido a partir de Tipo de ítem Koha
  Disponible Sistema de Clasificación Decimal Dewey   General Biblioteca Central UNIBE 02/02/2026   347.5694 Z53p 260302 25/05/2026 Ej. 1 25/05/2026 Libro (general)